01417nam a2200349Ia 4500001001200000003000800012006001900020007001500039008004100054010001700095020002500112020002200137020001800159040002100177035002100198050002400219100002700243245013400270260004900404300002000453504005600473533015200529600002900681650005500710650005500765650003500820655002900855700002300884710001700907856012600924999001701050ebr10676963CaPaEBRm u cr cn|||||||||081219s2008 enka sb 000 0 eng d z 2008278454 z9781847185105 (hbk.) z184718510X (hbk.) z9781443811781 aCaPaEBRcCaPaEBR a(OCoLC)66700354414aPN2601b.J33 2008eb1 aJackson, Vikki,d1954-10aGags and greasepainth[electronic resource] :ba tribute to the Irish 'fit-ups' /cby Vikki Jackson ; edited by Micheal O hAodha. aNewcastle :bCambridge Scholars Pub.,c2008. a102 p. :bill.  aIncludes bibliographical references (p. [101]-102). aElectronic reproduction.bPalo Alto, Calif. :cebrary,d2013.nAvailable via World Wide Web.nAccess may be limited to ebrary affiliated libraries.10aLoving, Vic,d1890-1974. 0aTraveling theaterzIrelandxHistoryy20th century. 0aRepertory theaterzIrelandxHistoryy20th century. 0aActresseszIrelandvBiography. 7aElectronic books.2local1 aO hAodha, Micheal.2 aebrary, Inc.40uhttp://site.ebrary.com/lib/rucke/Doc?id=10676963zAn electronic book accessible through the World Wide Web; click to view c58730d58730